The Club and Coral Mushrooms (Clavarias) of the United States and Canada : (Record no. 592417)

MARC details
000 -LEADER
fixed length control field 00529nam a2200193 a 4500
001 - CONTROL NUMBER
control field 1760786493540
003 - CONTROL NUMBER IDENTIFIER
control field ACL
005 - DATE AND TIME OF LATEST TRANSACTION
control field 20251018165651.0
008 - FIXED-LENGTH DATA ELEMENTS--GENERAL INFORMATION
fixed length control field 251018s1974##################000#0#eng##
020 ## - INTERNATIONAL STANDARD BOOK NUMBER
International Standard Book Number 9780486231013
082 04 - DEWEY DECIMAL CLASSIFICATION NUMBER
Classification number 589.222
Item number COK
040 ## - CATALOGING SOURCE
Original cataloging agency ACL
Language of cataloging eng
Transcribing agency ACL
100 1# - MAIN ENTRY--PERSONAL NAME
Personal name Coker, William Chambers,
Relator term author.
245 10 - TITLE STATEMENT
Title The Club and Coral Mushrooms (Clavarias) of the United States and Canada :
260 ## - PUBLICATION, DISTRIBUTION, ETC.
Name of publisher, distributor, etc. Courier Corporation,
Date of publication, distribution, etc. 1974.
300 ## - PHYSICAL DESCRIPTION
Extent 332 pages
650 #0 - SUBJECT ADDED ENTRY--TOPICAL TERM
Topical term or geographic name entry element Nature.
942 ## - ADDED ENTRY ELEMENTS (KOHA)
Koha item type English Books
Holdings
Withdrawn status Lost status Damaged status Not for loan Home library Current library Shelving location Date acquired Total Checkouts Full call number Barcode Date last seen Price effective from Koha item type
        Anna Centenary Library Anna Centenary Library 5TH FLOOR, B WING 18.10.2025   589.222 COK 386560 18.10.2025 18.10.2025 English Books
        Anna Centenary Library Anna Centenary Library 5TH FLOOR, B WING 18.10.2025   589.222 COK 386561 18.10.2025 18.10.2025 English Books

Find us on the map